[Event "chess.com Junior Speed"]
[Site "chess.com INT"]
[Date "2019.07.28"]
[Round "3.25"]
[White "Wei Yi"]
[Black "Firouzja,Alireza"]
[Result "1-0"]
[WhiteElo "2736"]
[BlackElo "2682"]

1.e4 e5 2.Nf3 Nc6 3.Nc3 Nf6 4.a3 Be7 5.d4 exd4 6.Nxd4 O-O 7.Be2 d6 8.Nxc6 bxc6
9.O-O Nd7 10.b3 Bf6 11.Bb2 Nc5 12.Bf3 Bd7 13.Re1 Re8 14.Rb1 Ne6 15.g3 Bd4
16.Bg2 Qf6 17.Qd2 Rad8 18.h4 Bc8 19.Nd1 Bxb2 20.Nxb2 Nd4 21.Re3 c5 22.Nd3 Bg4
23.Nf4 c6 24.b4 h6 25.c3 Nb5 26.Qb2 c4 27.a4 Nc7 28.Qa2 g5 29.hxg5 hxg5 30.Ne2 d5
31.Nd4 Kg7 32.Rbe1 Rh8 33.f3 Be6 34.Nxc6 Rdg8 35.Qd2 Qh6 36.Qd4+ Kf8 37.Qc5+ Kg7
38.Qd4+ Kf8 39.Kf2 Bh3 40.Rh1 Qxc6 41.Rxh3 Rxh3 42.Bxh3 dxe4 43.Rxe4 Rg6
44.Bd7 Qf6 45.Qxf6 Rxf6 46.Rxc4 Nd5 47.a5 Rd6 48.Bc6 Ne7 49.b5 Rd2+ 50.Ke3 Ra2
51.a6 Nf5+ 52.Kd3 Nxg3 53.b6 axb6 54.Ra4  1-0

[Event "chess.com Junior Speed"]
[Site "chess.com INT"]
[Date "2019.07.28"]
[Round "3.24"]
[White "Firouzja,Alireza"]
[Black "Wei Yi"]
[Result "1/2-1/2"]
[WhiteElo "2682"]
[BlackElo "2736"]

1.d4 Nf6 2.Nf3 d5 3.c4 e6 4.g3 dxc4 5.Bg2 c5 6.Qa4+ Nc6 7.dxc5 Qa5+ 8.Qxa5 Nxa5
9.Bd2 Nc6 10.Na3 Bxc5 11.Nxc4 Ne4 12.O-O Nxd2 13.Nfxd2 Ke7 14.Rfc1 Rd8 15.Nb3 Bb6
16.Nxb6 axb6 17.Bxc6 bxc6 18.Rxc6 Rd6 19.Rc7+ Bd7 20.f3 Kd8 21.Rc3 Ba4 22.Kf2 Bxb3
23.Rxb3 Kc7 24.a3 Ra5 25.Rc1+ Kb7 26.Rbc3 Rd7 27.R1c2 Rh5 28.h4 g5 29.hxg5 Rxg5
30.Rc8 f5 31.Re8 Rg6 32.b4 Rdg7 33.b5 Rxg3 34.Rxe6 f4 35.Rcc6 Rg1 36.Rxb6+ Ka7
37.Ra6+ Kb7 38.Re7+ Rxe7 39.Kxg1 Rxe2 40.a4 Rb2 41.Rh6 Rb4 42.Rxh7+ Kb8 43.Rf7 Rxa4
44.Kg2 Rb4 45.Rf5 Kc7 46.Rd5 Rb3 47.Rf5 Kd6 48.Rxf4 Rxb5 49.Rf8 Ke7 50.Rg8 Kf7
51.Rg4 Kf6 52.Kg3  1/2-1/2

[Event "chess.com Junior Speed"]
[Site "chess.com INT"]
[Date "2019.07.28"]
[Round "3.17"]
[White "Wei Yi"]
[Black "Firouzja,Alireza"]
[Result "1-0"]
[WhiteElo "2736"]
[BlackElo "2682"]

1.Nf3 Nf6 2.g3 g6 3.b3 Bg7 4.Bb2 O-O 5.d4 d6 6.Bg2 Nbd7 7.O-O c6 8.Nbd2 Qc7
9.e4 e5 10.Re1 exd4 11.Nxd4 Re8 12.c4 Ng4 13.Qxg4  1-0

[Event "chess.com Junior Speed"]
[Site "chess.com INT"]
[Date "2019.07.28"]
[Round "3.16"]
[White "Firouzja,Alireza"]
[Black "Wei Yi"]
[Result "1/2-1/2"]
[WhiteElo "2682"]
[BlackElo "2736"]

1.e4 e5 2.Nf3 Nf6 3.Nxe5 d6 4.Nf3 Nxe4 5.Nc3 Nxc3 6.dxc3 Be7 7.Be3 Nc6 8.Qd2 Be6
9.a3 Qd7 10.O-O-O h6 11.Nd4 Nxd4 12.Bxd4 O-O 13.c4 c5 14.Bxc5 dxc5 15.Qxd7 Bxd7
16.Rxd7 Bg5+ 17.Kb1 Rad8 18.Rd5 Rxd5 19.cxd5 Bf4 20.Bd3 Re8 21.a4 Bd2 22.d6 Rd8
23.Rd1 Bf4 24.d7 Kf8 25.Be4 Ke7 26.g3 Bc7 27.Bxb7 Rxd7 28.Bd5 f5 29.Re1+ Kf6
30.Re6+ Kg5 31.Bf3 f4 32.Rc6 fxg3 33.fxg3 Bd6 34.c3 Kf5 35.Bg2 Ke5 36.Ra6 Rf7
37.Bc6 Bb8 38.Bb5 Rf6 39.Ra5 Kd6 40.Bc4 Kc6 41.Ra6+ Kd7 42.Rxf6 gxf6 43.Kc2 f5
44.Kd3 Ke7 45.b4 cxb4 46.cxb4 Kf6 47.Kd4 f4 48.gxf4 Bxf4 49.h3 Ke7 50.Kd5 Kd7
51.b5 Kc7 52.Bd3 Bd2  1/2-1/2

[Event "chess.com Junior Speed"]
[Site "chess.com INT"]
[Date "2019.07.28"]
[Round "3.13"]
[White "Wei Yi"]
[Black "Firouzja,Alireza"]
[Result "1/2-1/2"]
[WhiteElo "2736"]
[BlackElo "2682"]

1.e4 e5 2.Nc3 Nf6 3.Nf3 Nc6 4.a3 Be7 5.d4 exd4 6.Nxd4 O-O 7.Be2 d5 8.exd5 Nxd5
9.Nxc6 bxc6 10.Nxd5 cxd5 11.O-O Bf6 12.c3 Rb8 13.Qa4 Qe8 14.Qc2 Qc6 15.Bd3 h6
16.Be3 a5 17.Rfd1 a4 18.Rab1 Bd7 19.h3 Rb3 20.Qe2 Rfb8 21.Bc2 R3b7 22.Bd4 Qe6
23.Qd3 g6 24.Bxf6 Qxf6 25.Qxd5 Bc6 26.Qd4 Kg7 27.Qxf6+ Kxf6 28.Rd4 Rxb2 29.Rxb2 Rxb2
30.Bxa4 Bxa4 31.Rxa4 Ra2 32.Rc4 Rxa3 33.Rc6+ Kg7 34.Rxc7 Ra2 35.g3 Rd2 36.Kg2 Rd3
37.Kf1 Rd2 38.Kg2 Rd3 39.c4 Rc3 40.c5 h5 41.Rc6 Kf8 42.Rc7 Kg7 43.h4 Kf6
44.Rc8 Kg7 45.Kf1 Rc2 46.Kg1 Kf6 47.Kg2 Rc3 48.Kf1 Rc2 49.Kg2 Rc3 50.c6 Kg7
51.c7 Kf6 52.f3 Rc2+ 53.Kh3 Rc3 54.Kg2 Rc2+ 55.Kf1 Kg7 56.Ke1 Rc1+ 57.Kd2 Rc6
58.Ke3 Rc3+ 59.Kd4 Rc1 60.Kd5 Rd1+ 61.Ke5 Re1+ 62.Kf4 Rc1 63.g4 Rc4+ 64.Kg3 Kh7
65.gxh5 gxh5 66.Kf2 Rc3 67.Ke2 Kg7 68.Kd2 Rc5 69.Ke3 Rc1 70.Kd4 Rd1+ 71.Ke5 Rc1
72.f4 Rc5+ 73.Kd4 Rc1 74.Ke4 Rc4+ 75.Ke5 Rc1 76.f5 Re1+ 77.Kf4 Rc1 78.Kg5 Rc5
79.Kf4 Rc1 80.Kg5 Rc5 81.Re8 Rxc7 82.f6+ Kh7 83.Re5 Rc6 84.Rd5 Ra6 85.Re5 Rb6
86.Rf5 Ra6 87.Kxh5 Rb6 88.Kg5 Ra6 89.Re5 Rb6 90.Kf5 Rb1 91.Re7 Rf1+ 92.Kg5 Rg1+
93.Kh5 Kg8 94.Re8+ Kh7 95.Re5 Rf1 96.Kg5 Rg1+ 97.Kh5 Rf1 98.Kg5 Rg1+ 99.Kh5  1/2-1/2

[Event "chess.com Junior Speed"]
[Site "chess.com INT"]
[Date "2019.07.28"]
[Round "3.1"]
[White "Wei Yi"]
[Black "Firouzja,Alireza"]
[Result "1-0"]
[WhiteElo "2736"]
[BlackElo "2682"]

1.e4 c5 2.Nc3 d6 3.g3 Nc6 4.Nge2 g6 5.Bg2 Bg7 6.d3 Rb8 7.a4 a6 8.O-O e6 9.Be3 Nd4
10.Qd2 h5 11.Nc1 h4 12.Nd1 hxg3 13.fxg3 e5 14.c3 Nc6 15.Nf2 Nge7 16.Ne2 Be6
17.d4 cxd4 18.cxd4 Bc4 19.d5 Nd4 20.Nxd4 Bxf1 21.Rxf1 exd4 22.Bxd4 Bxd4 23.Qxd4 O-O
24.Ng4 f5 25.Nf6+ Kf7 26.Nh7 Rg8 27.Qf6+ Ke8 28.Qe6 Rg7 29.Nf6+ Kf8 30.Nd7+ Ke8
31.Nxb8 Qxb8 32.exf5 gxf5 33.Rxf5 Qa7+ 34.Kh1 Qc5 35.Rf1 Kd8 36.Qf6 Rg8 37.Re1 Re8
38.h4  1-0

[Event "chess.com Junior Speed"]
[Site "chess.com INT"]
[Date "2019.07.28"]
[Round "3.15"]
[White "Wei Yi"]
[Black "Firouzja,Alireza"]
[Result "1-0"]
[WhiteElo "2736"]
[BlackElo "2682"]

1.Nf3 Nf6 2.c4 g6 3.b3 Bg7 4.Bb2 O-O 5.g3 d6 6.d4 e5 7.dxe5 dxe5 8.Qxd8 Rxd8
9.Nxe5 Ng4 10.Nd3 Bxb2 11.Nxb2 Nc6 12.h3 Nd4 13.Na3 Ne5 14.O-O-O Bf5 15.g4 Be4
16.f3 Bc6 17.Nc2 Ne6 18.Nb4 Rxd1+ 19.Nxd1 a5 20.Nxc6 bxc6 21.Nc3 Rd8 22.h4 h6
23.g5 hxg5 24.hxg5 Kg7 25.Rh4 c5 26.f4 Nc6 27.e3 Nb4 28.Rh2 c6 29.Rd2 Rh8
30.Bg2 Rh2 31.Kd1 Kf8 32.a3 Nd3 33.Bxc6  1-0

[Event "chess.com Junior Speed"]
[Site "chess.com INT"]
[Date "2019.07.28"]
[Round "3.22"]
[White "Firouzja,Alireza"]
[Black "Wei Yi"]
[Result "0-1"]
[WhiteElo "2682"]
[BlackElo "2736"]

1.e4 e5 2.Nf3 Nf6 3.Nxe5 d6 4.Nf3 Nxe4 5.Nc3 Nxc3 6.dxc3 Be7 7.Be3 Nc6 8.Qd2 Be6
9.a3 Qd7 10.O-O-O h6 11.Nd4 Nxd4 12.Bxd4 O-O 13.c4 Rae8 14.Qc3 f5 15.Kb1 Bf6
16.Bxf6 Rxf6 17.Bd3 b6 18.Rhe1 a5 19.Re2 Bf7 20.Rxe8+ Qxe8 21.f3 Bg6 22.Qd2 Qe7
23.b3 Kf8 24.h4 Re6 25.Rh1 Qf6 26.h5 Bf7 27.Qf4 Re5 28.a4 Be6 29.Rd1 Qg5
30.Qxg5 hxg5 31.Rh1 Kg8 32.h6 g6 33.h7+ Kh8 34.Kb2 Bf7 35.Kc3 Re7 36.b4 Be8
37.bxa5 bxa5 38.Rb1 Kxh7 39.Rb8 Bxa4 40.Ra8 Re5 41.Ra7 Rc5 42.Kd4 Kg7 43.c3 Kf6
44.Ra8 Bd7 45.Rf8+ Ke7 46.Rg8 Kf7 47.Rd8 Be6 48.Ra8 Kf6 49.Ra7 f4 50.Ra8 g4  0-1

[Event "chess.com Junior Speed"]
[Site "chess.com INT"]
[Date "2019.07.28"]
[Round "3.20"]
[White "Firouzja,Alireza"]
[Black "Wei Yi"]
[Result "1-0"]
[WhiteElo "2682"]
[BlackElo "2736"]

1.e4 e5 2.Nf3 Nf6 3.Nxe5 d6 4.Nf3 Nxe4 5.Nc3 Nxc3 6.dxc3 Be7 7.Be3 Nc6 8.Qd2 Be6
9.a3 Qd7 10.O-O-O h6 11.Nd4 Nxd4 12.Bxd4 O-O 13.c4 Rae8 14.Kb1 f5 15.Qc3 Bf6
16.Bxf6 Rxf6 17.Bd3 Qc6 18.f3 b6 19.Rhe1 a5 20.Re2 Bf7 21.Rxe8+ Qxe8 22.b3 Qe5
23.Qxe5 dxe5 24.Re1 e4 25.fxe4 fxe4 26.Rxe4 Rf2 27.Re7 c5 28.Rb7 Rxg2 29.Rb8+  1-0

[Event "chess.com Junior Speed"]
[Site "chess.com INT"]
[Date "2019.07.28"]
[Round "3.14"]
[White "Firouzja,Alireza"]
[Black "Wei Yi"]
[Result "1-0"]
[WhiteElo "2682"]
[BlackElo "2736"]

1.e4 e5 2.Nf3 Nc6 3.Bb5 a6 4.Ba4 d6 5.c3 g6 6.O-O Bg7 7.d4 Bd7 8.Bg5 Nf6
9.Nbd2 O-O 10.Re1 h6 11.Bh4 Qe8 12.Bb3 Nh5 13.Nf1 Bg4 14.Ne3 Bxf3 15.Qxf3 exd4
16.Nd5 Qd7 17.Rad1 Ne5 18.Qe2 d3 19.Qe3 g5 20.Bg3 Nxg3 21.hxg3 Rae8 22.f4 Ng4
23.Qxd3 c6 24.Ne3 Nxe3 25.Rxe3 Qg4 26.Rf1 Qd7 27.fxg5 hxg5 28.Ref3 Re7 29.Rf5 d5
30.exd5 cxd5 31.Bxd5 Qc7 32.Rxg5 Qb6+ 33.Qd4 Qxd4+ 34.cxd4 Rd8 35.Rf4 Kf8
36.Rgf5 Rdd7 37.g4 Ke8 38.g5 Rc7 39.Kh2 b5 40.Kh3 Red7 41.g3 Re7 42.Rh4 Red7
43.Rhf4 Re7 44.Kg4 Red7 45.b3 Kf8 46.g6 f6 47.Bf7 Bh6 48.Re4 Kg7 49.d5 Rc8
50.Re6 Bg5 51.Rxa6 Rc3 52.Ra8  1-0

[Event "chess.com Junior Speed"]
[Site "chess.com INT"]
[Date "2019.07.28"]
[Round "3.10"]
[White "Firouzja,Alireza"]
[Black "Wei Yi"]
[Result "0-1"]
[WhiteElo "2682"]
[BlackElo "2736"]

1.e4 e5 2.Nf3 Nc6 3.Bb5 a6 4.Ba4 d6 5.c3 g6 6.d4 Bd7 7.O-O Bg7 8.Be3 Nf6
9.Nbd2 O-O 10.h3 Qe8 11.Bc2 exd4 12.cxd4 Nb4 13.Re1 Nxc2 14.Qxc2 Rc8 15.Bg5 h6
16.Bxf6 Bxf6 17.e5 Bg7 18.Ne4 Bf5 19.Qc3 Bxe4 20.Rxe4 dxe5 21.dxe5 Qe7 22.Qb3 c5
23.a4 Rfe8 24.Rae1 Qe6 25.Qxb7 Re7 26.Qxc8+ Qxc8 27.b3 Qb7 28.R1e3 Qd5 29.g3 f5
30.Rc4 Bxe5  0-1

[Event "chess.com Junior Speed"]
[Site "chess.com INT"]
[Date "2019.07.28"]
[Round "3.12"]
[White "Firouzja,Alireza"]
[Black "Wei Yi"]
[Result "1-0"]
[WhiteElo "2682"]
[BlackElo "2736"]

1.d4 Nf6 2.Nf3 d5 3.c4 dxc4 4.e3 e6 5.Bxc4 c5 6.O-O Nc6 7.Qe2 a6 8.Rd1 b5
9.Bb3 c4 10.Bc2 Nb4 11.e4 Nxc2 12.Qxc2 Be7 13.d5 exd5 14.exd5 O-O 15.d6 Bxd6
16.Bf4 Bxf4 17.Rxd8 Rxd8 18.Nc3 Bg4 19.Rd1 Bxf3 20.gxf3 g6 21.a4 Rxd1+ 22.Qxd1 b4
23.Nd5 Nxd5 24.Qxd5 Rc8 25.Qb7 Rc7 26.Qxb4 Be5 27.Qa5 f6 28.f4 Bxf4 29.Qxa6 Be5
30.Qb6  1-0

[Event "chess.com Junior Speed"]
[Site "chess.com INT"]
[Date "2019.07.28"]
[Round "3.11"]
[White "Wei Yi"]
[Black "Firouzja,Alireza"]
[Result "1-0"]
[WhiteElo "2736"]
[BlackElo "2682"]

1.e4 e5 2.Nf3 Nc6 3.Nc3 Nf6 4.a3 Be7 5.d4 exd4 6.Nxd4 O-O 7.Nxc6 dxc6 8.Qxd8 Rxd8
9.f3 Be6 10.Be3 a5 11.Be2 Ne8 12.Kf2 Nd6 13.Rhd1 Bf6 14.Bf4 g5 15.Bg3 Bg7
16.h4 h6 17.hxg5 hxg5 18.Bh2 b5 19.e5 Nf5 20.Ne4 Nd4 21.c3 Nxe2 22.Kxe2 g4
23.Bf4 Bf5 24.Nf6+ Bxf6 25.exf6 Rxd1 26.Rxd1 Re8+ 27.Kf2 Re6 28.Bxc7 Rxf6
29.Bxa5 gxf3 30.gxf3 Be4 31.Ke3 Bd5 32.f4 Re6+ 33.Kf2 Rh6 34.Rd2 Rh3 35.Re2 Rf3+
36.Ke1 Rxf4 37.Bb6 Rg4 38.Bd4 f5 39.Re5 f4 40.Rf5 f3 41.Kf2 Rg2+ 42.Ke3 Rxb2
43.Kf4 Rg2 44.Ke5 Ra2 45.Kd6 Rxa3 46.Ke7 Ra1 47.Rh5 Re1+ 48.Be5 Rxe5+ 49.Rxe5 Kg7
50.Rg5+ Kh6 51.Kf6 Be4 52.Rg4  1-0

[Event "chess.com Junior Speed"]
[Site "chess.com INT"]
[Date "2019.07.28"]
[Round "3.9"]
[White "Wei Yi"]
[Black "Firouzja,Alireza"]
[Result "0-1"]
[WhiteElo "2736"]
[BlackElo "2682"]

1.e4 e5 2.Nf3 Nc6 3.Nc3 Nf6 4.g3 Bc5 5.Bg2 d6 6.d3 a6 7.O-O O-O 8.Kh1 Ng4
9.Qe1 f5 10.Nd5 fxe4 11.dxe4 h6 12.c3 Be6 13.Ne3 Qe8 14.Nxg4 Bxg4 15.Nh4 Qe6
16.Be3 Bxe3 17.Qxe3 Ne7 18.f4 Rae8 19.f5 Qf6 20.Bf3 Bh3 21.Bg2 Bxg2+ 22.Kxg2 Rd8
23.Rad1 d5 24.Ng6 Nxg6 25.fxg6 Qxg6 26.Rxd5 Qe6 27.Rxf8+ Rxf8 28.a3 c6 29.Rd2 Qg4
30.Qe2 Qg5 31.Rd1 Qg6 32.Rd2 Kh7 33.Rd1 Rf7 34.Kh1 a5 35.a4 Qe6 36.Qc2 Qg4
37.Kg1 Qf3 38.Re1 Rf6 39.Qe2 Qxe2 40.Rxe2 Rd6 41.Kf2 Rd1 42.Ke3 Ra1 43.Rd2 Rxa4
44.Rd7 b5 45.Rd6 Ra2 46.b4 axb4 47.cxb4 Rc2 48.Kd3 Rc4 49.Re6 Rd4+ 50.Kc3 Rc4+
51.Kd3 Rxb4 52.Rxc6 Rb3+ 53.Ke2 Rb2+ 54.Kf3 Rxh2 55.Rc5 Rb2 56.Rxe5 b4 57.Rb5 b3
58.Rb6 Rb1 59.e5 b2 60.Kg2 Kg8 61.Rb7 Kf8 62.e6 h5 63.Kh2 Ke8 64.Kg2 g5 65.Kh2 Kd8
66.Kg2 Kc8 67.Rb3 Kc7 68.Kh2 Kd6 69.Rb6+ Ke7 70.Kg2 Kf6 71.Kh2 Ke7 72.Kg2 Kf6
73.Kh2 Re1 74.e7+ Re6 75.Rxb2 Rxe7 76.Rb6+ Kf5 77.Rb5+ Re5 78.Rb2 Kg4 79.Kg2 Re4
80.Ra2 Rd4 81.Rb2 Kf5 82.Rb5+ Kg4 83.Rb2 Re4 84.Ra2 Rb4 85.Rc2 Kf5  0-1

[Event "chess.com Junior Speed"]
[Site "chess.com INT"]
[Date "2019.07.28"]
[Round "3.18"]
[White "Firouzja,Alireza"]
[Black "Wei Yi"]
[Result "1-0"]
[WhiteElo "2682"]
[BlackElo "2736"]

1.e4 e5 2.Nf3 Nf6 3.Nxe5 d6 4.Nf3 Nxe4 5.Nc3 Nxc3 6.dxc3 Be7 7.Be3 Nc6 8.Qd2 Be6
9.a3 Qd7 10.O-O-O h6 11.Nd4 Nxd4 12.Bxd4 O-O 13.c4 Rae8 14.Qc3 f5 15.Kb1 Bf6
16.Bxf6 Rxf6 17.Bd3 Qc6 18.f3 b6 19.Rhe1 a5 20.Re2 Bf7 21.Rxe8+ Qxe8 22.f4 Qe7
23.g3 Kf8 24.b3 Bh5 25.Rf1 Bg4 26.Qd4 Re6 27.Qd5 Re1+ 28.Rxe1 Qxe1+ 29.Ka2 Qf2
30.b4 axb4 31.axb4 Qxh2 32.Qa8+ Ke7 33.Qc8 c5 34.Qc7+ Ke6 35.Qxb6 Qf2 36.b5 Be2
37.Qc6 Bxd3 38.Qd5+ Kd7 39.Qxd3 g6 40.Kb3 Qe1 41.c3 Qc1 42.Qc2 Qxc2+ 43.Kxc2 Kc7
44.Kd3 Kb6 45.Ke3 Kc7 46.Kf3 g5 47.g4 fxg4+ 48.Kxg4 gxf4 49.Kxf4 Kb6 50.Kf5 Kc7
51.Kg6 Kb6 52.Kxh6  1-0

[Event "chess.com Junior Speed"]
[Site "chess.com INT"]
[Date "2019.07.28"]
[Round "3.8"]
[White "Firouzja,Alireza"]
[Black "Wei Yi"]
[Result "1-0"]
[WhiteElo "2682"]
[BlackElo "2736"]

1.e4 e5 2.Nf3 Nc6 3.Bb5 a6 4.Ba4 d6 5.c3 g6 6.d4 Bd7 7.O-O Bg7 8.h3 Nf6 9.Re1 O-O
10.Nbd2 Qe8 11.Bb3 Kh8 12.a3 Nh5 13.Nf1 f5 14.dxe5 dxe5 15.Ne3 f4 16.Nd5 Rc8
17.Bc4 Nd8 18.Be2 Ne6 19.a4 Nc5 20.b3 Nxe4 21.Ba3 Rf7 22.Bd3 Nd6 23.Nxc7 Rxc7
24.Bxd6 Rc6 25.Bxe5 Re7 26.Bxg7+ Nxg7 27.Qd2 Rxe1+ 28.Rxe1 Re6 29.Rxe6 Bxe6
30.Nd4 g5 31.h4 h6 32.hxg5 hxg5 33.Qe2 Bd7 34.Be4 Bf5 35.Bxb7 Qb8 36.Qe7 Bg6
37.Bd5 Kh7 38.Qxg5 Qd6 39.Bf3  1-0

[Event "chess.com Junior Speed"]
[Site "chess.com INT"]
[Date "2019.07.28"]
[Round "3.7"]
[White "Wei Yi"]
[Black "Firouzja,Alireza"]
[Result "1-0"]
[WhiteElo "2736"]
[BlackElo "2682"]

1.e4 e5 2.Nf3 Nc6 3.Nc3 Nf6 4.Bb5 Bb4 5.O-O O-O 6.d3 d6 7.Bg5 Bxc3 8.bxc3 Qe7
9.Re1 Nd8 10.d4 Ne6 11.Bc1 c5 12.Bf1 Rd8 13.g3 b6 14.Bg2 h6 15.Nh4 cxd4 16.Nf5 Qc7
17.cxd4 Nf8 18.Bb2 Bxf5 19.exf5 Rac8 20.Rc1 Qc4 21.Re3 e4 22.Ra3 a5 23.d5 N8d7
24.Rc3 Qxa2 25.Rb3 a4 26.Rb4 a3 27.Bxf6 Nxf6 28.c4 e3 29.fxe3 Re8 30.Ra1 Qxa1
31.Qxa1 Rxe3 32.Ra4 Rce8 33.Bf1 Ng4 34.Rxa3 Re1 35.Qa2 Rc1 36.Ra8 Rxa8 37.Qxa8+ Kh7
38.Qa3 Re1 39.Qc3 Rb1 40.f6 Ne5 41.Qc2+  1-0

[Event "chess.com Junior Speed"]
[Site "chess.com INT"]
[Date "2019.07.28"]
[Round "3.6"]
[White "Firouzja,Alireza"]
[Black "Wei Yi"]
[Result "1/2-1/2"]
[WhiteElo "2682"]
[BlackElo "2736"]

1.e4 e6 2.d4 d5 3.e5 c5 4.c3 Bd7 5.Nf3 Qb6 6.Bd3 cxd4 7.cxd4 Bb5 8.Nc3 Bxd3
9.Qxd3 Nc6 10.O-O Nge7 11.Rd1 Rc8 12.Na4 Qa5 13.Nc5 Nf5 14.Nb3 Qa4 15.g4 Nb4
16.Qe2 Nh6 17.Bxh6 gxh6 18.Rdc1 Rxc1+ 19.Rxc1 Nc6 20.h3 a6 21.Qc2 Be7 22.Kg2 O-O
23.Qd2 Kg7 24.Nc5 Qxa2 25.Nxb7 Rb8 26.Rxc6 Rxb7 27.Rc2 Qb1 28.h4 a5 29.g5 hxg5
30.Nxg5 h6 31.Nh3 Rb3 32.Nf4 Kh7 33.Qe2 Bxh4 34.Qh5 Rb7 35.Qe2 Rb3 36.Qh5 Rb7
37.Qe2 Rb3  1/2-1/2

[Event "chess.com Junior Speed"]
[Site "chess.com INT"]
[Date "2019.07.28"]
[Round "3.5"]
[White "Wei Yi"]
[Black "Firouzja,Alireza"]
[Result "0-1"]
[WhiteElo "2736"]
[BlackElo "2682"]

1.d4 Nf6 2.c4 g6 3.Nc3 Bg7 4.e4 d6 5.Nf3 O-O 6.h3 e5 7.d5 a5 8.Bg5 Na6 9.Be2 Nc5
10.Nd2 Bd7 11.g4 c6 12.h4 Qb6 13.Bxf6 Bxf6 14.Qc2 a4 15.g5 Bg7 16.h5 a3 17.b3 Na6
18.Qd1 Nb4 19.Kf1 f6 20.hxg6 fxg5 21.gxh7+ Kh8 22.Rh2 Rf4  0-1

[Event "chess.com Junior Speed"]
[Site "chess.com INT"]
[Date "2019.07.28"]
[Round "3.23"]
[White "Wei Yi"]
[Black "Firouzja,Alireza"]
[Result "0-1"]
[WhiteElo "2736"]
[BlackElo "2682"]

1.Nf3 Nf6 2.g3 g6 3.b3 Bg7 4.Bb2 O-O 5.Bg2 d6 6.d4 Nbd7 7.O-O Re8 8.Re1 e5
9.dxe5 dxe5 10.e4 b6 11.Nxe5 Nxe5 12.Qxd8 Rxd8 13.Bxe5 Bb7 14.Bxf6 Bxf6 15.e5 Bxg2
16.exf6 Bh3 17.Nc3 Rd2 18.Re3 Rxc2 19.Rae1 Be6 20.Nb5 Rd8 21.a4 a6 22.Nc3 h6
23.Ne4 g5 24.h4 gxh4 25.gxh4 Kh7 26.Rg3 Rg8 27.Rxg8 Kxg8 28.Re3 Rb2 29.Rg3+ Kh8
30.Rd3 Rxb3 31.Rd8+ Kh7 32.h5 Rb4 33.Ng3 Rxa4 34.Re8 Rf4 35.Re7 c5 36.Ra7 a5
37.Rb7 a4 38.Rxb6 a3 39.Ra6 a2 40.Kg2 Rb4  0-1

[Event "chess.com Junior Speed"]
[Site "chess.com INT"]
[Date "2019.07.28"]
[Round "3.2"]
[White "Firouzja,Alireza"]
[Black "Wei Yi"]
[Result "0-1"]
[WhiteElo "2682"]
[BlackElo "2736"]

1.d4 Nf6 2.c4 g6 3.g3 c6 4.Nf3 d5 5.cxd5 cxd5 6.Bg2 Bg7 7.O-O O-O 8.Ne5 Ne4
9.Nc3 Bf5 10.Bf4 Nxc3 11.bxc3 Nc6 12.Qb3 Nxe5 13.Bxe5 Bxe5 14.dxe5 Qc7 15.Qxd5 b6
16.Qd4 Rac8 17.Rfc1 Rfd8 18.Qe3 Qc5 19.Qf4 Kg7 20.a4 Qa5 21.c4 Be6 22.h4 h6
23.Be4 Rd4 24.Qe3 Qxe5 25.Bd5 Qxe3 26.fxe3 Rg4 27.Bxe6 fxe6 28.Kf2 Rcxc4
29.Rxc4 Rxc4  0-1

[Event "chess.com Junior Speed"]
[Site "chess.com INT"]
[Date "2019.07.28"]
[Round "3.3"]
[White "Wei Yi"]
[Black "Firouzja,Alireza"]
[Result "1-0"]
[WhiteElo "2736"]
[BlackElo "2682"]

1.e4 e5 2.Nf3 Nc6 3.Bb5 a6 4.Ba4 Nf6 5.O-O b5 6.Bb3 Bc5 7.a4 Rb8 8.c3 d6
9.d4 Bb6 10.a5 Ba7 11.Be3 Bg4 12.dxe5 Bxf3 13.Qxf3 Nxe5 14.Qe2 Bxe3 15.Qxe3 O-O
16.Nd2 Re8 17.Rfe1 c5 18.Bc2 Nc6 19.Qg3 Nxa5 20.Nf3 g6 21.Rad1 Nc4 22.b3 Nh5
23.Qg4 Na3 24.Bd3 Qf6 25.Rc1 c4 26.bxc4 bxc4 27.Bf1 Rb2 28.Qd7 Re7 29.Qc8+ Kg7
30.Qxa6 Nb5 31.Bxc4 Nf4 32.Bxb5 Nh3+ 33.gxh3 Qxf3 34.Re2 Re5 35.Rxb2 Rg5+
36.Kf1 Qh1+ 37.Ke2 Qxc1 38.Rd2 Rg1 39.Kd3 Qb1+ 40.Kd4 Re1 41.Bd3 Qc1 42.Qa2 Rg1
43.Qb2 Qe1 44.c4 Kh6 45.Kc3 Rg5 46.Qb1  1-0

[Event "chess.com Junior Speed"]
[Site "chess.com INT"]
[Date "2019.07.28"]
[Round "3.4"]
[White "Firouzja,Alireza"]
[Black "Wei Yi"]
[Result "1/2-1/2"]
[WhiteElo "2682"]
[BlackElo "2736"]

1.e4 c6 2.d4 d5 3.exd5 cxd5 4.Bd3 Nc6 5.c3 Qc7 6.h3 e5 7.dxe5 Nxe5 8.Nf3 Nxd3+
9.Qxd3 Nf6 10.O-O Be7 11.Bg5 O-O 12.Nbd2 Be6 13.Nd4 Ng4 14.hxg4 Bxg5 15.N2f3 Qf4
16.Nxg5 Qxg5 17.f3 Rae8 18.Rae1 Bd7 19.Qd1 h5 20.gxh5 Qxh5 21.Rxe8 Rxe8 22.Re1 Re5
23.Qd2 f6 24.Re2 Qh4 25.Rxe5 fxe5 26.Nc2 Qc4 27.Ne3 Qxa2 28.Nxd5 Be6 29.Nc7 Kf7
30.Qd8 Qb1+ 31.Kh2 Qh7+ 32.Kg3 Qg6+ 33.Kf2 Qc2+ 34.Kg3 Qg6+  1/2-1/2

[Event "chess.com Junior Speed"]
[Site "chess.com INT"]
[Date "2019.07.28"]
[Round "3.19"]
[White "Wei Yi"]
[Black "Firouzja,Alireza"]
[Result "1/2-1/2"]
[WhiteElo "2736"]
[BlackElo "2682"]

1.e4 e5 2.Nf3 Nc6 3.Nc3 Nf6 4.a3 d5 5.exd5 Nxd5 6.Nxe5 Nxe5 7.Qe2 Be7 8.Qxe5 Nxc3
9.dxc3 O-O 10.Be2 Re8 11.Qh5 g6 12.Qf3 Bf5 13.O-O Bd6 14.Bd3 Qh4 15.g3 Bg4
16.Qxf7+ Kxf7 17.gxh4 Bh3 18.Rd1 Kg7 19.Be3 Rad8 20.Bf1 Bg4 21.Rd4 Bf5 22.Bd3 Be6
23.Be4 b6 24.Rad1 Rf8 25.Bg5 Rd7 26.Bc6 Rdf7 27.R4d2 Bc5 28.Be3 Bxe3 29.fxe3 Bg4
30.Re1 Re7 31.Rd4 Bf5 32.e4 Bh3 33.e5 Rxe5 34.Rdd1 Rxe1+ 35.Rxe1 Rf4 36.Re7+ Kf6
37.Re1 Rxh4 38.Kf2 Bf5 39.Kg3 Rg4+ 40.Kf3 h5 41.Re8 Rh4 42.Kg3 Rg4+ 43.Kf3 Rc4
44.Bd5 Rh4 45.Kg3 Rg4+ 46.Kf3 Rg1 47.Ra8 a5 48.Ra7 Ke5 49.c4 Kd6 50.b4 axb4
51.axb4 Rb1 52.c3 Rb3 53.Kf4 Rxc3 54.Ra8 c6 55.Bg8 Rc2 56.Rd8+ Kc7 57.Rf8 Rxh2
58.c5 bxc5 59.bxc5 Rc2 60.Rf7+ Kd8 61.Ke5 Rxc5+ 62.Kd6 Rd5+ 63.Kxc6 Rd1 64.Ra7 Ke8
65.Bd5 Kf8 66.Rf7+ Ke8 67.Rh7 Ra1 68.Kd6 Ra6+ 69.Ke5 Kf8 70.Rf7+ Ke8 71.Rh7 Kd8
72.Bc4 Rb6 73.Bd5 Bd7 74.Bf7 g5 75.Bxh5 g4 76.Kf4 Rb4+ 77.Kg3 Rb3+ 78.Kf4 Rf3+
79.Ke5 Rf5+ 80.Kd6 Rf6+ 81.Ke5 Re6+ 82.Kf4 Rf6+ 83.Ke5 Re6+ 84.Kf4 Rc6 85.Rxd7+ Kxd7
86.Bxg4+ Ke7 87.Bf3 Rc5 88.Ke3 Kf6 89.Kd4 Ra5 90.Be4 Ra4+ 91.Kd5 Ra1 92.Bd3 Rd1
93.Kd4 Ke6 94.Ke4 Kd6 95.Kd4 Rh1 96.Ke4 Rh4+ 97.Ke3 Ke5 98.Kd2 Kd4 99.Bf5 Rh2+
100.Kd1 Rf2 101.Bg6 Ke3 102.Kc1 Rd2 103.Bf5 Rd5 104.Bg6 Rc5+ 105.Kb2 Kd4
106.Kb3 Rc3+ 107.Kb2  1/2-1/2

[Event "chess.com Junior Speed"]
[Site "chess.com INT"]
[Date "2019.07.28"]
[Round "3.21"]
[White "Wei Yi"]
[Black "Firouzja,Alireza"]
[Result "1/2-1/2"]
[WhiteElo "2736"]
[BlackElo "2682"]

1.Nf3 Nf6 2.c4 g6 3.b3 Bg7 4.Bb2 d6 5.d4 O-O 6.Nbd2 Nbd7 7.g3 Re8 8.Bg2 e5
9.O-O c6 10.e4 exd4 11.Nxd4 Nc5 12.Qc2 a5 13.a3 h5 14.h3 Qb6 15.Rfe1 Bd7
16.Rad1 Rad8 17.Bc3 Qc7 18.b4 axb4 19.axb4 Ne6 20.Nxe6 Bxe6 21.Qb2 Qe7 22.c5 dxc5
23.bxc5 Rd3 24.Be5 Ra8 25.Ra1 Rad8 26.Bd6 Ne8 27.Qxg7+ Kxg7 28.Bxe7 Rxd2
29.Bxd8 Rxd8 30.Red1 Rb8 31.f4 Nc7 32.Bf1 b5 33.Rd6 b4 34.Rxc6 b3 35.Rb6 Rd8
36.Rb1 Rd4 37.Rb7 Ne8 38.c6 Rxe4 39.c7 Nd6 40.Rb6 Nc8 41.Rb8 Re3 42.Bc4 Bxh3
43.R1xb3 Re7 44.R3b7 Nd6 45.c8=Q Nxc8 46.Rxe7 Nxe7 47.Rb7 Kf6 48.Kf2 Be6
49.Rb6 Nf5 50.Kf3 Nd4+ 51.Ke4 Nf5 52.Kf3 Nd4+ 53.Kf2 Nf5 54.Ra6 Nh6 55.Bb5 Nf5
56.Bd7 Nh6 57.Kf3 Nf5 58.Bxe6 fxe6 59.Ra7 Nd4+ 60.Kg2 Nf5 61.Ra8 Ne3+ 62.Kh3 Nf5
63.Rf8+ Kg7 64.Ra8 Kf6 65.Ra7 Nh6 66.Ra5 Ng4 67.Kh4 Nh6 68.Ra8 Nf5+ 69.Kh3 Nh6
70.Ra7 Ng4 71.Ra8 Nh6 72.Ra7 Ng4 73.Ra8  1/2-1/2

[Event "chess.com Junior Speed"]
[Site "chess.com INT"]
[Date "2019.08.10"]
[Round "4.4"]
[White "Xiong,Jeffery"]
[Black "Wei Yi"]
[Result "0-1"]
[WhiteElo "2679"]
[BlackElo "2736"]

1.d4 Nf6 2.c4 e6 3.Nc3 Bb4 4.Nf3 d5 5.Bg5 h6 6.Bxf6 Qxf6 7.Qa4+ Nc6 8.e3 O-O
9.Be2 Bd7 10.Qb3 dxc4 11.Qxc4 Qg6 12.O-O Bd6 13.Rfd1 Na5 14.Qd3 Qxd3 15.Bxd3 Nc6
16.Rac1 Rac8 17.a3 Rfd8 18.Nd2 e5 19.d5 Ne7 20.Nc4 f5 21.e4 f4 22.Na5 Rb8
23.Nb5 Bxb5 24.Bxb5 Kf7 25.Be2 Ng8 26.Bg4 Nf6 27.Be6+ Ke7 28.f3 c6 29.dxc6 Kxe6
30.Nxb7 Ne8 31.Nxd8+ Rxd8 32.Rd5 Nc7 33.Ra5 a6 34.Kf1 Be7 35.Ke2 Rd4 36.b3 Kd6
37.Rcc5 Bf6 38.Rc3 h5 39.Rd3 Rxd3 40.Kxd3 Kxc6 41.a4 Kd6 42.Kc4 Bh4 43.b4 Bf2
44.b5 Bb6 45.Rxa6 Nxa6 46.bxa6 Kc6 47.Kb4 Bc5+ 48.Kc4 g5 49.h3 h4 50.a5 Bd4
51.Kb4 Ba7 52.Ka4 Kc5 53.Kb3 Kb5 54.Kc3 Kxa6 55.Kc4 Kxa5 56.Kd5 Bd4 57.Ke6 Kb4
58.Kf5 Kc4 59.Kxg5 Bf2 60.Kf5 Kd4 61.Ke6 Bg3 62.Kf5 Be1 63.Kf6 Ba5 64.Kg5 Bd8+
65.Kf5 Bc7 66.Kg5 Ke3 67.Kxh4 Kf2 68.Kg4 Bd8 69.h4 Bxh4 70.Kxh4 Kxg2 71.Kg4 Kf2
72.Kf5 Kxf3 73.Kxe5 Ke3 74.Kd5 f3  0-1